00478nam a2200157Ia 450000500170000000800410001708200130005810000190007124500200009026000380011030000180014850000340016694200060020095200990020699900150030520250509064715.0240331s9999 xx 000 0 und d bSOMa891 aSomakandhan, P 0aVerlvi malarkal aChennaibKumaran Publishersc2001 aXiv, 153 p ., aA collection of Short Stories cL 001040708LaWERCLbWERCLcSSCd2024-03-31l0o 894.811 SOMp4584r2024-03-31w2024-03-31yL c4303d4303